Shortest Words - F - Statistics

General Stats
  • This quiz has been taken 49 times
  • The average score is 50 of 54
Answer Stats
Answer % Correct
fa
100%
fax
100%
fe
100%
fab
98%
fad
98%
fas
98%
fed
98%
fig
98%
fit
98%
fan
95%
far
95%
fat
95%
fay
95%
fen
95%
fes
95%
fib
95%
fil
95%
fir
95%
fog
95%
for
95%
fah
93%
fam
93%
fee
93%
fet
93%
fey
93%
fid
93%
fie
93%
fin
93%
fix
93%
fob
93%
fon
93%
fop
93%
fun
93%
fur
93%
fav
91%
fer
91%
few
91%
fez
91%
foe
91%
foo
91%
fox
91%
foy
91%
feu
88%
fiz
88%
foh
88%
fub
88%
feh
86%
fou
86%
fud
86%
fug
86%
fro
79%
fly
74%
fry
74%
flu
72%
No matching quizzes found
Score Distribution
Percent of People with Each Score
Percentile by Number Answered
Your Score History
You have not taken this quiz